Más allá del estado nacional

में बचाया:
ग्रंथसूची विवरण
मुख्य लेखक: Habermas, Jürgen (लेखक)
स्वरूप: पुस्तक
भाषा:स्पेनिश
प्रकाशित: Ciudad de México Fondo de Cultura Económica 1998
संस्करण:1a. ed
श्रृंखला:Sección de Obras de Política y Derecho
विषय:
टैग: टैग जोड़ें
कोई टैग नहीं, इस रिकॉर्ड को टैग करने वाले पहले व्यक्ति बनें!

MARC

LEADER 00000cam a2200000 a 4500
001 UCL5839
003 CL-VaPUC
008 040319e19980000MX |||||||||||||||||spa|d
020 |a 9681653521 
082 0 4 |a 321  |b HAB  |2 21 
100 0 |a Habermas, Jürgen  |e author  |9 334312 
245 1 0 |a Más allá del estado nacional 
250 |a 1a. ed 
300 |a 199 p 
600 0 |a Marx, Karl Heinrich,  |d 1818-1883  |9 861123 
942 |c BK 
945 |d 20040319 00:00:00  |a cmena 
260 |a Ciudad de México  |b Fondo de Cultura Económica  |c 1998 
650 7 |a ESTADO NACIONAL  |2 CL-VaPUC  |9 257346 
650 0 |a Política  |9 255312 
650 7 |a FILOSOFIA POLITICA  |2 CL-VaPUC  |9 483538 
650 0 |a Estado  |9 255503 
651 0 |a Alemania  |9 255688 
583 |a last modification  |c 20160620 02:44:52  |k Rodrigo Vera 
490 0 |a Sección de Obras de Política y Derecho 
999 |c 308223  |d 308221 
952 |0 0  |1 0  |4 0  |6 321_000000000000000_HAB_1998  |7 0  |8 A  |9 374559  |a BIBHIS  |b BIBHIS  |d 2019-11-21  |i 3996883  |l 1  |o 321 HAB 1998  |p 3996883  |r 2025-05-06  |s 2025-05-06  |w 2019-11-21  |y BK  |k HIS 
952 |0 0  |1 0  |3 erb  |4 0  |6 321_000000000000000_HAB_1998  |7 0  |8 A  |9 374560  |a FDOHBE  |b FDOHBE  |e Huesbe Llanos, Marco Antonio, 1934-  |i 5304849  |o 321 HAB 1998  |p 5304849  |r 2024-01-30  |w 2019-11-21  |y BK  |z Catalogado en:20160520  |k HBE 
952 |0 0  |1 0  |3 erb  |4 0  |6 321_000000000000000_HAB_1998  |7 0  |8 A  |9 374561  |a FDOHBE  |b FDOHBE  |e Huesbe Llanos, Marco Antonio, 1934-  |i 5309727  |o 321 HAB 1998  |p 5309727  |r 2024-01-30  |w 2019-11-21  |y BK  |z Catalogado en:20160623  |k HBE